Movie Collaborations Multiple Choice - Statistics

General Stats
  • This quiz has been taken 26 times
  • The average score is 6 of 15
Answer Stats
Question Answer % Correct
Paul Newman + Tom Cruise The Color of Money
68%
Meryl Streep + Robert De Niro Neither
56%
Denzel Washington + Samuel L. Jackson Neither
48%
Christian Bale + Steve Carell The Big Short
48%
Saoirse Ronan + Timothée Chalomet Both
44%
Leonardo DiCaprio + Michael Caine Inception
44%
Sidney Poitier + Shelley Winters A Patch of Blue
40%
Errol Flynn + Olivia de Havilland Both
40%
Luise Rainer + Myrna Loy The Great Ziegfeld
36%
Octavia Spencer + Sally Hawkins The Shape of Water
36%
Audrey Hepburn + Grace Kelly Neither
28%
Shirley MacLaine + Peter Sellers Being There
20%
Sissy Spacek + Shelley Duvall Three Women
20%
James Stewart + John Wayne Both
16%
Bette Davis + Geraldine Fitzgerald Both
12%
No matching quizzes found
Score Distribution
Percent of People with Each Score
Percentile by Number Answered
Your Score History
You have not taken this quiz